000 00700nam a2200277Ia 4500
005 20260324143834.0
008 008 260324s9999 xx 000 0 eng d
020 _a9781003051589
037 _aEBOOK
040 _aCRL
040 _beng
040 _cCRL
041 _2eng
041 _aeng
084 _qCRL
100 _aFrank L. Clarke; Graeme W. Dean
_91217121
245 0 _aContributions of Limperg and Schmidt to the Replacement Cost Debate in the 1920s
260 _bTaylor and Francis
260 _c1990
365 _a
365 _b205
856 _uhttp://www.taylorfrancis.com/books/9781003051589
942 _cEBOOK
999 _c1822989
_d1822989